000 00411nam a2200181Ia 4500
001 2442
005 20260306144807.0
008 260306t1971||||xx |||||||||||||| ||spa||
041 _aESP
082 _a616.89
_bS66
100 _aSolomon, Philipe
_eAUT
245 0 _aManual de psiquiatría
260 _c1971
300 _a416 páginas :
_ccm.
650 _aGEN
654 _aCPS
942 _cLIB
_dJUS
_fJUS
_2ddc
_n
999 _c2442
_d2442